25 most populated cities in the Basque Country - Statistics

General Stats
  • This quiz has been taken 562 times
  • The average score is 9 of 25
Answer Stats
Pop. Municipality Province % Correct
346 k Bilbao Biscay
99%
187 k San Sebastián Gipuzkoa
84%
249 k Vitoria-Gasteiz Álava
73%
78.3 k Getxo Biscay
53%
62.0 k Irun Gipuzkoa
52%
100 k Barakaldo Biscay
51%
27.4 k Eibar Gipuzkoa
49%
23.2 k Zarautz Gipuzkoa
41%
45.8 k Portugalete Biscay
40%
29.6 k Durango Biscay
34%
45.8 k Santurtzi Biscay
32%
19.5 k Tolosa Gipuzkoa
32%
40.8 k Basauri Biscay
30%
17.0 k Hondarribia Gipuzkoa
29%
39.4 k Errenteria Gipuzkoa
28%
22.0 k Mondragón Gipuzkoa
28%
19.1 k Amorebieta-Etxano Biscay
26%
27.4 k Sestao Biscay
26%
20.2 k Hernani Gipuzkoa
25%
18.2 k Laudio/Llodio Álava
22%
31.5 k Leioa Biscay
22%
29.3 k Galdakao Biscay
19%
18.3 k Lasarte-Oria Gipuzkoa
18%
24.2 k Erandio Biscay
17%
17.6 k Mungia Biscay
16%
No matching quizzes found
Score Distribution
Percent of People with Each Score
Percentile by Number Answered
Your Score History
You have not taken this quiz